Studies on certain aspects of the biology of the local oyster, Crassostrea Cucullata (Born.), in Singapore waters in relation to its cultivation /
Saved in:
| Main Author: | |
|---|---|
| Format: | Thesis Book |
| Language: | English |
| Published: |
1970.
|
| Subjects: | |
| Tags: |
Add Tag
No Tags, Be the first to tag this record!
|
| LEADER | 00971cam a2200265 a 4500 | ||
|---|---|---|---|
| 001 | u146706 | ||
| 003 | SIRSI | ||
| 008 | 920314s1970 si a bv 00 1 eng m | ||
| 035 | |a AAR-1254 | ||
| 040 | |a UMM | ||
| 090 | |a QL430.7 |b O9Yan | ||
| 091 | |a Microfiche 551 | ||
| 100 | 1 | 0 | |a Yang, Swee-ling. |
| 245 | 1 | 0 | |a Studies on certain aspects of the biology of the local oyster, Crassostrea Cucullata (Born.), in Singapore waters in relation to its cultivation / |c Yang Swee-ling. |
| 260 | |c 1970. | ||
| 300 | |a vii, 184 leaves : |b ill. ; |c 29 cm. | ||
| 500 | |a Mimeographed. | ||
| 500 | |a Microfiche (negative). Kuala Lumpur : University of Malaya Library, 1973. 4 fiche. 11 x 15 cm. | ||
| 502 | |a Dissertation (M.Sc.) -- University of Singapore, 1970. | ||
| 504 | |a Bibliography: leaves 176-184. | ||
| 650 | 0 | |a Oyster. | |
| 650 | 0 | |a Oyster-culture. | |
| 948 | |a 14/03/1992 |b 23/08/2002 | ||
| 596 | |a 1 | ||
| 999 | |a QL430.7 O9YAN |w LC |c 1 |i A003140185 |l STACKS |m P01UTAMA |r Y |s Y |t TESIS |u 24/3/1992 | ||
